[Event "LCC 2013 - Gruppo A"]
[Site "Londra"]
[Date "11.12.2013"]
[Round "1A"]
[White "McShane, L."]
[Black "Anand, V."]
[Result "0-1"]
[WhiteElo "2684"]
[BlackElo "2773"]
[PlyCount "92"]
[EventDate "2013.12.11"]

1. e4 c6 2. Nf3 d5 3. Nc3 Bg4 4. h3 Bxf3 5. Qxf3 e6 6. Be2 Nf6 7. O-O Bb4 8. e5
Nfd7 9. Qg4 Bf8 10. d4 c5 11. Bg5 Qb6 12. dxc5 Qxc5 13. Be3 h5 14. Qg3 d4 15.
Ne4 h4 16. Qf3 Qd5 17. c4 Qxe5 18. Bf4 Qf5 19. Bd3 Qh5 20. Nf6+ gxf6 21. Qxb7
Ne5 22. Qxa8 Bd6 23. c5 Nf3+ 24. Qxf3 Qxf3 25. gxf3 Bxf4 26. b4 Nc6 27. Bb5 Kd7
28. Rfd1 e5 29. a3 f5 30. Kf1 Kc7 31. Ke2 e4 32. fxe4 fxe4 33. Bxc6 d3+ 34. Kf1
Kxc6 35. Kg2 Kd5 36. Rg1 Be5 37. Rad1 Rg8+ 38. Kf1 Rxg1+ 39. Kxg1 f5 40. Kg2
Kd4 41. c6 f4 42. b5 Bc7 43. Rb1 d2 44. Kf1 Kd3 45. a4 e3 46. fxe3 fxe3 0-1

[Event "LCC 2013 - Gruppo A"]
[Site "Londra"]
[Date "11.12.2013"]
[Round "2A"]
[White "Anand, V."]
[Black "Adams, Mi"]
[Result "1/2-1/2"]
[WhiteElo "2773"]
[BlackElo "2754"]
[PlyCount "80"]
[EventDate "2013.12.11"]

1. d4 Nf6 2. c4 e6 3. Nf3 d5 4. g3 Bb4+ 5. Bd2 Be7 6. Bg2 c6 7. O-O Nbd7 8. Qc2
O-O 9. Rd1 b6 10. Bf4 Bb7 11. Nc3 dxc4 12. Nd2 Nd5 13. Nxc4 Nxf4 14. gxf4 Qc7
15. e3 Rad8 16. a4 a6 17. Rac1 b5 18. axb5 cxb5 19. Na5 Qxa5 20. Bxb7 Qb6 21.
Bf3 Rc8 22. Qe4 Bb4 23. Ne2 Nf6 24. Qb7 Qxb7 25. Bxb7 Rb8 26. Bf3 Rfc8 27. e4
g6 28. Kg2 a5 29. d5 exd5 30. e5 Ne4 31. Rxd5 Rxc1 32. Nxc1 Nc5 33. Nd3 Nxd3
34. Rxd3 Rc8 35. Rd7 Kf8 36. Rb7 Rc5 37. Rb8+ Kg7 38. Rb7 Kf8 39. Rb8+ Kg7 40.
Rb7 Kf8 1/2-1/2

[Event "LCC 2013 - Gruppo A"]
[Site "Londra"]
[Date "11.12.2013"]
[Round "2A"]
[White "McShane, L."]
[Black "Istratescu, A."]
[Result "1-0"]
[WhiteElo "2684"]
[BlackElo "2670"]
[PlyCount "61"]
[EventDate "2013.12.11"]

1. e4 e6 2. d4 d5 3. Nd2 c5 4. Ngf3 cxd4 5. Nxd4 Nc6 6. Bb5 Bd7 7. Nxc6 bxc6 8.
Bd3 Bd6 9. O-O Qc7 10. Nf3 Ne7 11. c4 O-O 12. cxd5 exd5 13. Qc2 Ng6 14. Be3 Bg4
15. e5 Nxe5 16. Nxe5 Bxe5 17. h3 Bd7 18. Bxh7+ Kh8 19. Bd3 f5 20. Bc5 Rf6 21.
Rae1 f4 22. Qe2 Bd6 23. Qh5+ Rh6 24. Bxd6 Qxd6 25. Qg5 f3 26. Re7 Rg8 27. Rfe1
fxg2 28. h4 c5 29. h5 Rf6 30. Bg6 Bc6 31. Qh6+ 1-0

[Event "LCC 2013 - Gruppo B"]
[Site "Londra"]
[Date "11.12.2013"]
[Round "1B"]
[White "Kramnik, V."]
[Black "Svidler, P."]
[Result "1-0"]
[WhiteElo "2793"]
[BlackElo "2758"]
[PlyCount "109"]
[EventDate "2013.12.11"]

1. Nf3 g6 2. e4 Nf6 3. e5 Nh5 4. d4 d6 5. Be2 Nc6 6. O-O Bg7 7. exd6 exd6 8.
Bg5 Nf6 9. c4 h6 10. Be3 d5 11. Nc3 Be6 12. Ne5 O-O 13. Nxc6 bxc6 14. b3 dxc4
15. bxc4 Ne8 16. Rc1 Nd6 17. d5 cxd5 18. Nxd5 Re8 19. Nxc7 Qxc7 20. Bf4 Red8
21. c5 Ne8 22. Bxc7 Rxd1 23. Rfxd1 Nxc7 24. Bc4 Bf5 25. Bb3 a5 26. Rc4 Bf8 27.
c6 Be7 28. g4 Be6 29. Re4 Rc8 30. Rd7 Kf8 31. Bxe6 Nxe6 32. Rc4 Bc5 33. Kf1 g5
34. Ra4 Rxc6 35. Rxa5 Rb6 36. Rd2 Nf4 37. Rd1 Bd4 38. Rf5 Bf6 39. a4 Kg7 40. h4
Rb2 41. hxg5 hxg5 42. Kg1 Ra2 43. a5 Ne6 44. Rd6 Ra4 45. f3 Bd4+ 46. Kf1 Nf4
47. Rxg5+ Kf8 48. Ke1 Be3 49. Re5 Ra1+ 50. Rd1 Ra2 51. Rd8+ Kg7 52. Kd1 Ra3 53.
Kc2 Ne6 54. Rd7 Kg6 55. Kb2 1-0

[Event "LCC 2013 - Gruppo B"]
[Site "Londra"]
[Date "11.12.2013"]
[Round "1B"]
[White "Rowson, J."]
[Black "Sadler, M."]
[Result "1-0"]
[WhiteElo "2569"]
[BlackElo "2646"]
[PlyCount "110"]
[EventDate "2013.12.11"]

1. d4 Nf6 2. c4 e6 3. Nc3 Bb4 4. Qc2 O-O 5. a3 Bxc3+ 6. Qxc3 b6 7. Bg5 Bb7 8.
e3 d6 9. Ne2 Nbd7 10. Qc2 c5 11. Nc3 h6 12. Bh4 cxd4 13. exd4 Qc8 14. Bd3 d5
15. cxd5 Nxd5 16. O-O Nf4 17. Be4 Bxe4 18. Qxe4 Ng6 19. Bg3 Nf6 20. Qf3 Rd8 21.
Rac1 Qd7 22. Be5 Nd5 23. Ne4 Rac8 24. Nd6 Rxc1 25. Rxc1 Qe7 26. Qg3 Kh7 27. h4
f6 28. h5 Nf8 29. Qd3+ Kg8 30. Bg3 Rxd6 31. Bxd6 Qxd6 32. g3 Ne7 33. Qe4 Qd7
34. Qa8 Kf7 35. Qb8 Nc6 36. Qa8 Ne7 37. Qb8 Qxd4 38. Qxa7 e5 39. Rc7 Qd6 40.
Rb7 Nh7 41. Qxb6 Qd1+ 42. Kg2 Qd5+ 43. Kg1 Ng5 44. Qb3 Nf3+ 45. Kg2 Qxb3 46.
Rxb3 Nd4 47. Rb7 Ke6 48. a4 Ndc6 49. b4 Nd5 50. b5 Na5 51. Rxg7 Nc3 52. Rh7 e4
53. b6 Kd6 54. b7 Nc6 55. Rxh6 Nd5 1-0

[Event "LCC 2013 - Gruppo B"]
[Site "Londra"]
[Date "11.12.2013"]
[Round "2B"]
[White "Svidler, P."]
[Black "Sadler, M."]
[Result "1/2-1/2"]
[WhiteElo "2758"]
[BlackElo "2646"]
[PlyCount "52"]
[EventDate "2013.12.11"]

1. e4 e6 2. d4 d5 3. Nc3 Nf6 4. e5 Nfd7 5. f4 c5 6. Nf3 Nc6 7. Be3 cxd4 8. Nxd4
Bc5 9. Qd2 O-O 10. O-O-O a6 11. Qf2 Nxd4 12. Bxd4 b6 13. Bd3 f6 14. Qh4 g6 15.
Bxc5 bxc5 16. exf6 Nxf6 17. Rhe1 Rb8 18. Qg5 Qb6 19. b3 c4 20. Bxg6 hxg6 21.
Qxg6+ Kh8 22. Nxd5 Nxd5 23. Qh6+ Kg8 24. Qg5+ Kh8 25. Qh6+ Kg8 26. Qg6+ Kh8
1/2-1/2

[Event "LCC 2013 - Gruppo D"]
[Site "Londra"]
[Date "11.12.2013"]
[Round "1D"]
[White "Caruana, Fabiano"]
[Black "Sutovsky, Emil"]
[Result "1-0"]
[WhiteElo "2782"]
[BlackElo "2657"]
[PlyCount "59"]
[EventDate "2013.12.11"]

1. d4 Nf6 2. Nf3 g6 3. Bf4 d6 4. h3 c5 5. dxc5 Qa5+ 6. Qd2 Qxc5 7. Nc3 Bf5 8.
Nd4 Ne4 9. Nxe4 Bxe4 10. f3 Bc6 11. e4 e5 12. Be3 exd4 13. Bxd4 Bh6 14. Qf2
Qa5+ 15. Bc3 Qd8 16. Bxh8 f6 17. Qh4 Bg5 18. Qxh7 Qa5+ 19. c3 Nd7 20. Qxg6+ Ke7
21. h4 Be3 22. Bxf6+ Nxf6 23. Qg7+ Ke6 24. g3 Bf2+ 25. Kd2 Be3+ 26. Kc2 Bxe4+
27. fxe4 Qa4+ 28. b3 Qxe4+ 29. Kb2 Qf3 30. Bh3+ 1-0

[Event "LCC 2013 - Gruppo D"]
[Site "Londra"]
[Date "11.12.2013"]
[Round "2D"]
[White "Short, Nigel D"]
[Black "Caruana, Fabiano"]
[Result "0-1"]
[WhiteElo "2683"]
[BlackElo "2782"]
[PlyCount "52"]
[EventDate "2013.12.11"]

1. b4 d5 2. Bb2 Nf6 3. e3 Bf5 4. Be2 e6 5. a3 Be7 6. d3 h6 7. Nd2 Nbd7 8. Ngf3
O-O 9. h3 Bg6 10. Nb3 Bd6 11. g4 e5 12. Nh4 Bh7 13. Nf5 Bxf5 14. gxf5 Re8 15.
Rg1 c5 16. bxc5 Nxc5 17. Nxc5 Bxc5 18. Bf1 Rc8 19. Qd2 Bb6 20. Kd1 Ba5 21. c3
Kh8 22. f3 d4 23. Qg2 Rg8 24. cxd4 Nd5 25. Qf2 Qb6 26. Be2 Qb3# 0-1

[Event "LCC 2013 - Gruppo D"]
[Site "Londra"]
[Date "11.12.2013"]
[Round "2D"]
[White "Howell, David W L"]
[Black "Sutovsky, Emil"]
[Result "1-0"]
[WhiteElo "2640"]
[BlackElo "2657"]
[PlyCount "101"]
[EventDate "2013.12.11"]

1. c4 g6 2. Nc3 c5 3. g3 Bg7 4. Bg2 Nc6 5. d3 Nf6 6. e4 O-O 7. Nge2 d6 8. O-O
a6 9. Rb1 Bg4 10. f3 Bd7 11. a4 Ne8 12. Be3 Nd4 13. b4 Rb8 14. Bf2 cxb4 15.
Rxb4 Qa5 16. Qb1 Nxe2+ 17. Nxe2 b5 18. Rc1 Nc7 19. Be1 Qb6+ 20. Bf2 Qa5 21. Be1
Ne6 22. Kf1 Nc5 23. axb5 axb5 24. d4 Ne6 25. Bc3 f5 26. exf5 Ng5 27. Rxb5 Rxb5
28. Bxa5 Rxb1 29. Rxb1 Rxf5 30. f4 Rxa5 31. fxg5 Be6 32. Rc1 Rf5+ 33. Ke1 Rxg5
34. Nf4 Bg4 35. Bd5+ Kf8 36. h4 Rf5 37. Ne6+ Kf7 38. Nxg7+ Kxg7 39. Be6 Kf6 40.
Bxf5 Kxf5 41. c5 Ke4 42. c6 Kd5 43. Kd2 Bc8 44. Ke3 e5 45. dxe5 dxe5 46. c7 Kd6
47. Rd1+ Kxc7 48. Ke4 Bg4 49. Rd2 Kc6 50. Kxe5 Bf5 51. h5 1-0

[Event "LCC 2013 - Gruppo A"]
[Site "Londra"]
[Date "12.12.2013"]
[Round "3A"]
[White "Adams, Michael"]
[Black "McShane, Luke J"]
[Result "1/2-1/2"]
[WhiteElo "2754"]
[BlackElo "2684"]
[PlyCount "163"]
[EventDate "2013.12.11"]

1. e4 e5 2. Nf3 Nc6 3. Nc3 Nf6 4. d4 exd4 5. Nxd4 Bb4 6. Nxc6 bxc6 7. Bd3 d6 8.
Bg5 Qe7 9. O-O h6 10. Bh4 g5 11. Bg3 Ng4 12. h3 Ne5 13. Be2 Ba5 14. Nd5 Qd8 15.
Bxe5 dxe5 16. Ne3 Bb6 17. Qe1 h5 18. Nc4 g4 19. Nxb6 axb6 20. Qc3 Qf6 21. h4
O-O 22. g3 Ra4 23. b4 c5 24. a3 Qe7 25. Rfb1 Bb7 26. Bd3 cxb4 27. axb4 Rfa8 28.
Rxa4 Rxa4 29. Bb5 Ra8 30. Bc6 Bxc6 31. Qxc6 Rd8 32. Ra1 Kg7 33. c3 Rd6 34. Qb5
Rd2 35. Qc4 Qf6 36. Rf1 c6 37. Qa6 Qf3 38. Qxb6 Qxe4 39. b5 cxb5 40. Qxb5 Rc2
41. Qc5 Re2 42. Qe7 Qf5 43. Qc5 Qf6 44. Qc4 Rc2 45. Qd3 Qg6 46. Qe3 Qf5 47. Rc1
Rxc1+ 48. Qxc1 Kf6 49. c4 Ke7 50. c5 Kd7 51. Qd2+ Kc8 52. Qd5 Qf6 53. c6 Qe7
54. Qb5 Kc7 55. Qb7+ Kd6 56. Qb4+ Ke6 57. Qb7 Kd6 58. Qb4+ Ke6 59. Qb6 Qd6 60.
Kh2 Kf6 61. Qb5 Qd4 62. Kg1 Qd1+ 63. Kh2 Qd4 64. Qe2 Qc5 65. Qd2 Kg7 66. Qg5+
Kf8 67. Qd8+ Kg7 68. Qg5+ Kf8 69. Qf6 Qc3 70. Qd8+ Kg7 71. c7 Qc5 72. Kg1 Qc1+
73. Kg2 Qc6+ 74. Kf1 Qc4+ 75. Kg1 Qc1+ 76. Kh2 Qc5 77. Qg5+ Kf8 78. c8=Q+ Qxc8
79. Qxe5 Qc2 80. Kg1 Qc1+ 81. Kh2 Qc2 82. Kg1 1/2-1/2

[Event "LCC 2013 - Gruppo A"]
[Site "Londra"]
[Date "12.12.2013"]
[Round "3A"]
[White "Istratescu, Andrei"]
[Black "Anand, Viswanathan"]
[Result "0-1"]
[WhiteElo "2670"]
[BlackElo "2773"]
[PlyCount "100"]
[EventDate "2013.12.11"]

1. e4 c5 2. c3 Nf6 3. e5 Nd5 4. Nf3 e6 5. d4 cxd4 6. cxd4 d6 7. Bc4 Nc6 8. O-O
Be7 9. Qe2 O-O 10. Nc3 dxe5 11. dxe5 Nxc3 12. bxc3 Bd7 13. Rd1 Qc7 14. Bd3 Rfd8
15. h4 Be8 16. Qe4 g6 17. h5 Rd5 18. hxg6 hxg6 19. Re1 Rad8 20. Bc2 Rc5 21. Qe3
Nxe5 22. Nxe5 Rxc3 23. Bd3 Bf6 24. Bb2 Bxe5 25. Bxc3 Bxc3 26. Rac1 Qa5 27. Red1
Bd4 28. Qe2 Bc6 29. Be4 Rd6 30. Bxc6 bxc6 31. Rb1 c5 32. g3 Rd5 33. Kg2 Re5 34.
Qd2 Qd8 35. Rb3 Qd5+ 36. f3 Qc4 37. Rd3 Rh5 38. g4 Rd5 39. a3 Qb5 40. Qc2 Rd8
41. Rb3 Qa6 42. Rc1 Kg7 43. Qc4 Qd6 44. Rh1 Bf6 45. Re3 Qc7 46. Re2 Rd4 47. Qc1
Qc6 48. Qh6+ Kg8 49. Rb1 Rxg4+ 50. Kf2 Bh4+ 0-1

[Event "LCC 2013 - Gruppo A"]
[Site "Londra"]
[Date "12.12.2013"]
[Round "4A"]
[White "Adams, Michael"]
[Black "Istratescu, Andrei"]
[Result "1-0"]
[WhiteElo "2754"]
[BlackElo "2670"]
[PlyCount "89"]
[EventDate "2013.12.11"]

1. e4 e6 2. d4 d5 3. Nd2 c5 4. exd5 Qxd5 5. dxc5 Bxc5 6. Ngf3 Nf6 7. Bc4 Qd6 8.
Qe2 Qc7 9. Ne4 Be7 10. Nxf6+ Bxf6 11. O-O O-O 12. Bd3 Nd7 13. c3 Nc5 14. Bg5
Bxg5 15. Nxg5 h6 16. Bh7+ Kh8 17. Bc2 b6 18. Rfd1 Bb7 19. Nf3 Bxf3 20. Qxf3
Rad8 21. h4 Nd7 22. g3 Nf6 23. Kg2 h5 24. a3 Ng4 25. Rxd8 Rxd8 26. Rd1 Rxd1 27.
Bxd1 f5 28. Qa8+ Kh7 29. Qe8 Qd6 30. Qxh5+ Nh6 31. Qe2 Qd5+ 32. f3 Nf7 33. Qc2
Ne5 34. Be2 Ng4 35. Qc1 e5 36. c4 Qc6 37. Qg5 Nh6 38. Qe7 e4 39. b3 a5 40. fxe4
fxe4 41. Qe5 Kg8 42. g4 Nf7 43. Qd5 Qe8 44. g5 Kh8 45. Bh5 1-0

[Event "LCC 2013 - Gruppo B"]
[Site "Londra"]
[Date "12.12.2013"]
[Round "3B"]
[White "Sadler, Matthew D"]
[Black "Kramnik, Vladimir"]
[Result "1/2-1/2"]
[WhiteElo "2646"]
[BlackElo "2793"]
[PlyCount "97"]
[EventDate "2013.12.11"]

1. d4 Nf6 2. c4 e6 3. Nc3 Bb4 4. e3 O-O 5. Bd3 d5 6. Nf3 dxc4 7. Bxc4 c5 8. O-O
cxd4 9. exd4 b6 10. Qe2 Bb7 11. Bf4 Nc6 12. Rfd1 Ne7 13. Rac1 Rc8 14. Ne5 Bxc3
15. bxc3 Nfd5 16. Bd2 Ng6 17. Nxg6 hxg6 18. Bb3 Qh4 19. c4 Nf4 20. Bxf4 Qxf4
21. Qe3 Qxe3 22. fxe3 Rfd8 23. a4 Kf8 24. a5 g5 25. axb6 axb6 26. Ra1 Ke7 27.
Ra7 Rd7 28. Rda1 f5 29. Kf2 g4 30. h3 gxh3 31. gxh3 g5 32. Ba4 Rdc7 33. Rb1 Be4
34. Rxc7+ Rxc7 35. Rxb6 Rxc4 36. Bb3 Rc3 37. Rxe6+ Kd7 38. Rb6 f4 39. exf4 gxf4
40. Be6+ Kc7 41. Rb2 Rg3 42. Re2 Rf3+ 43. Ke1 Bd3 44. Rf2 Re3+ 45. Kd2 Rxe6 46.
Kxd3 Re3+ 47. Kc4 f3 48. d5 Kd6 49. Kd4 1/2-1/2

[Event "LCC 2013 - Gruppo B"]
[Site "Londra"]
[Date "12.12.2013"]
[Round "3B"]
[White "Rowson, Jonathan"]
[Black "Svidler, Peter"]
[Result "0-1"]
[WhiteElo "2569"]
[BlackElo "2758"]
[PlyCount "88"]
[EventDate "2013.12.11"]

1. e4 c5 2. Nf3 e6 3. g3 Nc6 4. Bg2 Nf6 5. Qe2 g6 6. O-O Bg7 7. c3 O-O 8. d4 d5
9. e5 Nd7 10. h4 f6 11. exf6 Qxf6 12. Bg5 Qf5 13. Na3 cxd4 14. cxd4 Bxd4 15.
Nb5 Bb6 16. Nd6 Qg4 17. Bh6 Rf6 18. Bg5 e5 19. Bxf6 Nxf6 20. Nxc8 Rxc8 21. Kh1
e4 22. Ng1 Ne5 23. Qd2 e3 24. fxe3 Qxg3 25. Qf2 Qxf2 26. Rxf2 Neg4 27. Re2 Nxe3
28. Nh3 Rc4 29. a4 a5 30. h5 Kg7 31. hxg6 hxg6 32. Rae1 Nf5 33. Re6 Bc5 34. b3
Rb4 35. Ng5 Rxb3 36. Bh3 Ng3+ 37. Kg2 Ngh5 38. R6e5 Nf4+ 39. Kh2 Bd6 40. Re7+
Bxe7 41. Rxe7+ Kh6 42. Nf7+ Kh5 43. Bc8 Kh4 44. Rxb7 Rc3 0-1

[Event "LCC 2013 - Gruppo B"]
[Site "Londra"]
[Date "12.12.2013"]
[Round "4B"]
[White "Svidler, Peter"]
[Black "Kramnik, Vladimir"]
[Result "1-0"]
[WhiteElo "2758"]
[BlackElo "2793"]
[PlyCount "97"]
[EventDate "2013.12.11"]

1. g3 d5 2. Bg2 e5 3. d3 Nf6 4. Nf3 Bd6 5. O-O O-O 6. c4 dxc4 7. dxc4 h6 8. Nc3
Nc6 9. Qc2 Nd4 10. Nxd4 exd4 11. Nb5 Bc5 12. Rd1 Bg4 13. b4 Bxb4 14. Nxd4 Qc8
15. Rb1 c5 16. a3 Re8 17. f3 cxd4 18. Rxb4 Bf5 19. Qb2 a5 20. Rxb7 Qxc4 21. Bf1
d3 22. e4 Nxe4 23. fxe4 Bxe4 24. Rd7 Qa4 25. R7xd3 Bxd3 26. Rxd3 Rac8 27. Bd2
Qc6 28. Qd4 Re4 29. Qd5 Qb6+ 30. Kg2 Rce8 31. Rf3 R4e6 32. Bxa5 Qb2+ 33. Kg1
Qb8 34. Bb4 Qa7+ 35. Kg2 Re5 36. Qc6 R5e6 37. Qb5 Re5 38. Qa6 Qd7 39. Bc4 Rf5
40. Qd6 Qc8 41. Rxf5 Qxf5 42. Qd3 Qf6 43. Bc3 Qc6+ 44. Bd5 Qb6 45. Qf5 Re2+ 46.
Kh3 Qc7 47. Qg4 Rxh2+ 48. Kxh2 Qxc3 49. Qd7 1-0

[Event "LCC 2013 - Gruppo B"]
[Site "Londra"]
[Date "12.12.2013"]
[Round "4B"]
[White "Sadler, Matthew D"]
[Black "Rowson, Jonathan"]
[Result "1-0"]
[WhiteElo "2646"]
[BlackElo "2569"]
[PlyCount "117"]
[EventDate "2013.12.11"]

1. d4 Nf6 2. c4 e6 3. Nc3 Bb4 4. e3 c5 5. Nge2 cxd4 6. exd4 d5 7. c5 Ne4 8. Bd2
Nxd2 9. Qxd2 Ba5 10. a3 Nd7 11. g3 Nf6 12. b4 Bc7 13. Bg2 h5 14. h3 Bd7 15. Qe3
Kf8 16. Nf4 g6 17. Nd3 Kg7 18. O-O Ng8 19. Rfe1 Nh6 20. Qd2 Re8 21. Ne5 Re7 22.
a4 Be8 23. a5 a6 24. Re2 Rc8 25. Rae1 Bb8 26. Nf3 Bc6 27. Ng5 Qd7 28. h4 Rce8
29. Bh3 Nf5 30. Bg2 Bc7 31. Nh3 Bb8 32. Nf4 Qc7 33. Re5 Qd7 34. Nxh5+ gxh5 35.
Qg5+ Kh7 36. Qxh5+ Nh6 37. Rg5 Rh8 38. Re3 Qe8 39. Qe2 Rg8 40. Nxd5 Bxd5 41.
Rxd5 f5 42. c6 bxc6 43. Rc5 f4 44. Be4+ Kg7 45. Rg5+ Kf8 46. Rc3 fxg3 47. fxg3
Rxg5 48. hxg5 Nf5 49. Rxc6 Kg7 50. Qh2 Qd8 51. d5 Ba7+ 52. Kf1 Rf7 53. Rxe6
Nd4+ 54. Kg2 Nxe6 55. Qh6+ Kg8 56. dxe6 Rg7 57. e7 Qxe7 58. Bd5+ Kf8 59. Qh8+
1-0

[Event "LCC 2013 - Gruppo C"]
[Site "Londra"]
[Date "12.12.2013"]
[Round "4C"]
[White "Polgar, Judit"]
[Black "Gelfand, Boris"]
[Result "1/2-1/2"]
[WhiteElo "2693"]
[BlackElo "2777"]
[PlyCount "88"]
[EventDate "2013.12.11"]

1. e4 c5 2. Nf3 Nc6 3. Bb5 e6 4. O-O Nge7 5. Re1 a6 6. Bf1 d5 7. exd5 Nxd5 8.
d4 Nf6 9. Be3 Be7 10. c4 O-O 11. Nc3 cxd4 12. Nxd4 Ne5 13. h3 Bd7 14. Rc1 Rc8
15. Qb3 Bc5 16. Red1 Qc7 17. Nc2 Bxe3 18. Nxe3 Rfd8 19. Qa3 Be8 20. b4 Rxd1 21.
Rxd1 Rd8 22. Qc1 Nc6 23. Nc2 Rxd1 24. Qxd1 Qe5 25. Qd3 Qf4 26. a4 Ne5 27. Qe3
Qxe3 28. Nxe3 a5 29. bxa5 Nc6 30. f4 Nxa5 31. Kf2 Nb3 32. Bd3 Nc5 33. Bc2 Kf8
34. g4 Bc6 35. Ned1 Ke7 36. Ke3 h6 37. Nf2 g5 38. a5 Kd6 39. Ne2 Nfd7 40. Ng3
Nf6 41. Ne2 Bg2 42. Nc3 Bc6 43. Ne2 Bg2 44. Nc3 Bc6 1/2-1/2

[Event "LCC 2013 - Gruppo D"]
[Site "Londra"]
[Date "12.12.2013"]
[Round "3D"]
[White "Sutovsky, Emil"]
[Black "Short, Nigel D"]
[Result "0-1"]
[WhiteElo "2657"]
[BlackElo "2683"]
[PlyCount "81"]
[EventDate "2013.12.11"]

1. e4 e5 2. Nf3 Nc6 3. Bb5 a6 4. Ba4 d6 5. O-O Bd7 6. d4 exd4 7. Nxd4 b5 8.
Nxc6 Bxc6 9. Bb3 Nf6 10. Re1 Be7 11. c4 O-O 12. Nc3 Re8 13. Qf3 b4 14. Nd5 a5
15. Bf4 Nd7 16. Rad1 Bf6 17. Bc1 Rb8 18. Qh3 Nc5 19. Bc2 Bxd5 20. Rxd5 g6 21.
f4 c6 22. Rd2 Qc7 23. Rde2 a4 24. b3 axb3 25. axb3 Ne6 26. Be3 Nd4 27. Bxd4
Bxd4+ 28. Kh1 Ra8 29. e5 dxe5 30. f5 Ra1 31. Qg4 Qd6 32. Bb1 Bc3 33. Rf1 e4 34.
Rxe4 Rxe4 35. Qxe4 Kg7 36. Qf3 Bf6 37. g3 g5 38. Kg2 Qd2+ 39. Kh3 Qb2 40. Qd1
h5 41. Qc2 0-1

[Event "LCC 2013 - Gruppo D"]
[Site "Londra"]
[Date "12.12.2013"]
[Round "4D"]
[White "Howell, David W L"]
[Black "Short, Nigel D"]
[Result "0-1"]
[WhiteElo "2640"]
[BlackElo "2683"]
[PlyCount "96"]
[EventDate "2013.12.11"]

1. e4 e5 2. Nf3 Nc6 3. d4 exd4 4. Nxd4 Bc5 5. Nxc6 bxc6 6. Bd3 Ne7 7. O-O O-O
8. Nc3 d6 9. Qe2 Ng6 10. Be3 Bb6 11. f4 Kh8 12. Rae1 f5 13. g3 Qf6 14. Qg2 Rb8
15. Bxb6 Rxb6 16. Nd1 Ba6 17. Bxa6 Rxa6 18. a3 Qd4+ 19. Kh1 Ne7 20. Re3 Rb6 21.
Rfe1 h6 22. b3 Rbb8 23. a4 Qb6 24. Nb2 c5 25. g4 fxg4 26. Qxg4 Qc6 27. Rg1 Rf7
28. Rg2 Rbf8 29. Nd3 c4 30. bxc4 Qxa4 31. c5 Qd4 32. Re1 a5 33. cxd6 cxd6 34.
Qe6 Ng8 35. f5 Re7 36. Qg6 Nf6 37. e5 dxe5 38. Rxe5 Rb7 39. Re1 a4 40. Qg3 Re8
41. Ne5 Kg8 42. Rge2 Rbe7 43. Rg2 Nh5 44. Qg6 Rxe5 45. Reg1 Re1 46. h3 Rxg1+
47. Rxg1 Re2 48. Qc6 Qe4+ 0-1

[Event "LCC 2013 - Gruppo D"]
[Site "Londra"]
[Date "12.12.2013"]
[Round "4D"]
[White "Sutovsky, Emil"]
[Black "Caruana, Fabiano"]
[Result "0-1"]
[WhiteElo "2657"]
[BlackElo "2782"]
[PlyCount "68"]
[EventDate "2013.12.11"]

1. e4 e6 2. d4 d5 3. Nd2 c5 4. Ngf3 cxd4 5. exd5 Qxd5 6. Bc4 Qd7 7. O-O Nc6 8.
Ne4 Be7 9. Qe2 Nf6 10. Bg5 a6 11. Bd3 Nd5 12. Rad1 Bxg5 13. Nfxg5 h6 14. Nf3
O-O 15. Bc4 Nf4 16. Qd2 e5 17. Ng3 Qc7 18. h3 b5 19. Bd3 f5 20. Be2 Bb7 21.
Rfe1 Rad8 22. Nh4 Ne7 23. a4 e4 24. axb5 axb5 25. Nh5 Nxh5 26. Bxh5 Qd6 27. Qa5
Bc6 28. g3 f4 29. g4 g6 30. Bxg6 Nxg6 31. Nf5 Rxf5 32. gxf5 Nh4 33. Kf1 e3 34.
Rd3 Qd5 0-1

[Event "LCC 2013 - Gruppo A"]
[Site "Londra"]
[Date "13.12.2013"]
[Round "5A"]
[White "Anand, V."]
[Black "Istratescu, A."]
[Result "1/2-1/2"]
[WhiteElo "2773"]
[BlackElo "2670"]
[PlyCount "80"]
[EventDate "2013.12.11"]

1. Nf3 Nf6 2. c4 e6 3. Nc3 d5 4. d4 Bb4 5. Bg5 Nbd7 6. cxd5 exd5 7. Qc2 c5 8.
dxc5 Qa5 9. Bd2 O-O 10. a3 Bxc3 11. Bxc3 Qxc5 12. Rc1 Ne4 13. e3 Nxc3 14. Qxc3
Qxc3+ 15. Rxc3 Nb6 16. Bd3 Be6 17. Kd2 Nc4+ 18. Kc1 b5 19. Nd4 Rab8 20. Rd1
Rfc8 21. Kb1 a5 22. Be2 Kf8 23. Ka2 b4 24. Rc2 bxa3 25. b3 Nd6 26. Rxc8+ Rxc8
27. Kxa3 Ke7 28. Kb2 Rc5 29. Bd3 g6 30. h4 Kf6 31. g3 Bf5 32. Bxf5 Nxf5 33.
Nxf5 Kxf5 34. Rd4 Ke5 35. Ra4 h5 36. Rd4 f6 37. Ra4 Ke6 38. Rd4 Ke5 39. Ra4 Ke6
40. Rd4 Ke5 1/2-1/2

[Event "LCC 2013 - Gruppo A"]
[Site "Londra"]
[Date "13.12.2013"]
[Round "6A"]
[White "Adams, Mi"]
[Black "Anand, V."]
[Result "1/2-1/2"]
[WhiteElo "2754"]
[BlackElo "2773"]
[PlyCount "121"]
[EventDate "2013.12.11"]

1. c4 c5 2. g3 g6 3. Bg2 Bg7 4. Nc3 Nc6 5. Nf3 Nf6 6. d4 cxd4 7. Nxd4 O-O 8.
O-O Qa5 9. Nc2 d6 10. Bd2 Qh5 11. Rc1 Bh3 12. Ne3 Bxg2 13. Kxg2 e6 14. Nc2 d5
15. cxd5 Nxd5 16. Ne3 Nb6 17. Qc2 Nd4 18. Qe4 f5 19. Qxb7 Rf7 20. Qa6 f4 21. f3
fxe3 22. Bxe3 Nd5 23. Nxd5 Qxd5 24. b4 Qb5 25. Qxb5 Nxb5 26. Rc6 e5 27. Rfc1
Nd4 28. Rc8+ Rf8 29. Rxa8 Rxa8 30. Kf1 Rb8 31. Rc4 Rb7 32. a4 a6 33. Kf2 Bf8
34. Bd2 Kf7 35. e3 Ne6 36. Bc3 Bd6 37. Rc6 Bxb4 38. Bxe5 a5 39. f4 Nc5 40. Bd4
Nxa4 41. Kf3 Ke7 42. g4 Kd7 43. Ra6 Nc3 44. f5 gxf5 45. gxf5 Nb5 46. Be5 Ra7
47. Rh6 Ke8 48. Rb6 Na3 49. Bd4 Rc7 50. e4 Rd7 51. Bf6 Nc4 52. Rb8+ Kf7 53. e5
Nxe5+ 54. Bxe5 Bd6 55. Bxd6 Rxd6 56. Ra8 Kf6 57. Rxa5 Rd4 58. h3 Rb4 59. Kg3
Rc4 60. Kf3 Rb4 61. Kg3 1/2-1/2

[Event "LCC 2013 - Gruppo A"]
[Site "Londra"]
[Date "13.12.2013"]
[Round "6A"]
[White "Istratescu, A."]
[Black "McShane, L."]
[Result "1-0"]
[WhiteElo "2670"]
[BlackElo "2684"]
[PlyCount "79"]
[EventDate "2013.12.11"]

1. d4 b6 2. e4 Bb7 3. Bd3 e6 4. Nf3 g6 5. Bf4 d6 6. Qe2 a6 7. Nbd2 Nd7 8. h4 h6
9. e5 d5 10. c3 c5 11. a3 c4 12. Bc2 Qc7 13. Bh2 Ne7 14. h5 g5 15. Nf1 b5 16.
Ne3 a5 17. O-O Nb6 18. Nd2 b4 19. f4 b3 20. Bb1 gxf4 21. Rxf4 Nc6 22. Qf2 Nd8
23. Ng4 Kd7 24. Bg6 Be7 25. Bxf7 Bg5 26. Bg6 Kc8 27. Rf6 Nd7 28. Rf1 Bc6 29.
Qe2 Kb7 30. Nf3 Nxf6 31. exf6 Bf4 32. Bxf4 Qxf4 33. Nfe5 Qg5 34. f7 Rf8 35. Nf6
Nxf7 36. Nxf7 Qg3 37. Qxe6 Kb6 38. Nxd5+ Kb5 39. a4+ Kxa4 40. Qxc6# 1-0

[Event "LCC 2013 - Gruppo B"]
[Site "Londra"]
[Date "13.12.2013"]
[Round "5B"]
[White "Kramnik, V."]
[Black "Sadler, M."]
[Result "1/2-1/2"]
[WhiteElo "2793"]
[BlackElo "2646"]
[PlyCount "78"]
[EventDate "2013.12.11"]

1. Nf3 e6 2. c4 d5 3. d4 c5 4. e3 Nf6 5. Nc3 a6 6. cxd5 exd5 7. g3 Nc6 8. Bg2
Be7 9. dxc5 Bxc5 10. O-O O-O 11. b3 Be6 12. Bb2 Qe7 13. Rc1 Rac8 14. Qd3 Rfd8
15. Ne2 Ba3 16. Qb1 Ne4 17. Qa1 Bg4 18. Ned4 Bxf3 19. Nxf3 Bxb2 20. Qxb2 Nb4
21. Rxc8 Rxc8 22. Nd4 g6 23. Qe2 h5 24. a3 Nc6 25. Nxc6 Rxc6 26. Qd3 Nc3 27. b4
a5 28. bxa5 Qc5 29. Ra1 Ra6 30. Bf3 Rxa5 31. Kg2 b5 32. h3 Ra4 33. g4 h4 34.
Qd2 Qc4 35. Qb2 Qc5 36. Qb3 Ra6 37. Qb2 Ra4 38. Qb3 Ra6 39. Qb2 Ra4 1/2-1/2

[Event "LCC 2013 - Gruppo B"]
[Site "Londra"]
[Date "13.12.2013"]
[Round "6B"]
[White "Sadler, M."]
[Black "Svidler, P."]
[Result "1/2-1/2"]
[WhiteElo "2646"]
[BlackElo "2758"]
[PlyCount "88"]
[EventDate "2013.12.11"]

1. d4 Nf6 2. c4 g6 3. f3 d5 4. cxd5 Nxd5 5. e4 Nb6 6. Nc3 Bg7 7. Be3 O-O 8. Qd2
Nc6 9. O-O-O Qd6 10. Nb5 Qd7 11. Bh6 Bxh6 12. Qxh6 a6 13. Nc3 Nxd4 14. f4 f6
15. Nf3 e5 16. fxe5 fxe5 17. Nxe5 Qd6 18. Nf3 c5 19. Bd3 Qf4+ 20. Qxf4 Rxf4 21.
Nxd4 cxd4 22. Ne2 Rf2 23. Nxd4 Rxg2 24. Bc2 Bg4 25. Rdg1 Rxg1+ 26. Rxg1 Rd8 27.
Nc6 Rd6 28. Na5 Bc8 29. e5 Rd4 30. Bb3+ Kg7 31. Re1 Nd5 32. e6 Kf8 33. Re5 Ne7
34. Nc4 b5 35. Nb6 Rd6 36. Nxc8 Nxc8 37. a4 bxa4 38. Bxa4 Ke7 39. Bb3 Rc6+ 40.
Kd2 Nd6 41. Kd3 Rb6 42. Kc2 Rc6+ 43. Kd3 Rb6 44. Kc2 Rc6+ 1/2-1/2